header

The idea-driven organization : (Record no. 96343)

MARC details
000 -LEADER
fixed length control field 01753nam a2200409 i 4500
001 - CONTROL NUMBER
control field ebr10840164
003 - CONTROL NUMBER IDENTIFIER
control field CaPaEBR
006 - FIXED-LENGTH DATA ELEMENTS--ADDITIONAL MATERIAL CHARACTERISTICS--GENERAL INFORMATION
fixed length control field m o d
007 - PHYSICAL DESCRIPTION FIXED FIELD--GENERAL INFORMATION
fixed length control field cr cn|||||||||
008 - FIXED-LENGTH DATA ELEMENTS--GENERAL INFORMATION
fixed length control field 140305t20142014cau o 001 0 eng d
020 ## - INTERNATIONAL STANDARD BOOK NUMBER
Cancelled/invalid ISBN 9781626561236
International Standard Book Number 9781626561243 (e-book)
040 ## - CATALOGING SOURCE
Original cataloging agency CaPaEBR
Language of cataloging eng
Description conventions rda
-- pn
Transcribing agency CaPaEBR
050 14 - LIBRARY OF CONGRESS CALL NUMBER
Classification number HF5549.5.S8
Item number .R627 2014eb
082 04 - DEWEY DECIMAL CLASSIFICATION NUMBER
Classification number 658.4/038
Edition number 23
100 1# - MAIN ENTRY--PERSONAL NAME
Personal name Robinson, Alan G.
245 14 - TITLE STATEMENT
Title The idea-driven organization :
Remainder of title unlocking the power in bottom-up ideas /
Statement of responsibility, etc Alan G. Robinson and Dean M. Schroeder.
264 #1 - PRODUCTION, PUBLICATION, DISTRIBUTION, MANUFACTURE, AND COPYRIGHT NOTICE
Place of production, publication, distribution, manufacture San Francisco, California :
Name of producer, publisher, distributor, manufacturer Berrett-Koehler Publishers, Inc.,
Date of production, publication, distribution, manufacture, or copyright notice 2014.
Date of production, publication, distribution, manufacture, or copyright notice �2014
300 ## - PHYSICAL DESCRIPTION
Extent 1 online resource (212 pages)
336 ## - CONTENT TYPE
Content type term text
Source rdacontent
337 ## - MEDIA TYPE
Media type term computer
Source rdamedia
338 ## - CARRIER TYPE
Carrier type term online resource
Source rdacarrier
500 ## - GENERAL NOTE
General note Includes index.
588 ## - SOURCE OF DESCRIPTION NOTE
Source of description note Description based on print version record.
590 ## - LOCAL NOTE (RLIN)
Local note Electronic reproduction. Palo Alto, Calif. : ebrary, 2014. Available via World Wide Web. Access may be limited to ebrary affiliated libraries.
650 #0 - SUBJECT ADDED ENTRY--TOPICAL TERM
Topical term or geographic name as entry element Suggestion systems.
Topical term or geographic name as entry element Management
General subdivision Employee participation.
Topical term or geographic name as entry element Corporate culture.
Topical term or geographic name as entry element Organizational change.
Topical term or geographic name as entry element Organizational effectiveness.
655 #0 - INDEX TERM--GENRE/FORM
Genre/form data or focus term Electronic books.
700 1# - ADDED ENTRY--PERSONAL NAME
Personal name Schroeder, Dean M.
776 08 - ADDITIONAL PHYSICAL FORM ENTRY
Display text Print version:
Main entry heading Robinson, Alan G.
Title Idea-driven organization : unlocking the power in bottom-up ideas.
Place, publisher, and date of publication San Francisco, California : Berrett-Koehler Publishers, Inc., c2014
Physical description xiii, 190 pages
International Standard Book Number 9781626561236
Record control number 2013050773
797 2# - LOCAL ADDED ENTRY--CORPORATE NAME (RLIN)
Corporate name or jurisdiction name as entry element ebrary.
856 40 - ELECTRONIC LOCATION AND ACCESS
Uniform Resource Identifier <a href="http://site.ebrary.com/lib/rucke/Doc?id=10840164">http://site.ebrary.com/lib/rucke/Doc?id=10840164</a>
Public note An electronic book accessible through the World Wide Web; click to view

No items available.

© 2026 Rongo University
Contact us: librarian | system librarian | Rongo university